Grandes œuvres par formes d'art - Statistiques

Statistiques générales
  • Ce quiz a été pris 191 fois
  • Le résultat moyen est 14 sur 30
Statistiques - réponses
Art Indice Réponse % Correct
Architecture ( 1er art ) Mausolée de marbre blanc en Inde Taj Mahal
89%
Architecture ( 1er art ) Sur la place de l'étoile à Paris Arc de Triomphe
85%
Littérature ( 5ème art ) Ses passages les plus connus sont la Genèse ou l'Evangile La Bible
78%
Arts de la scène ( 6ème art ) Amour dans la Vérone de la Renaissance, écrit par Shakespeare Roméo et Juliette
78%
Cinéma ( 7ème art ) Atchoum, Dormeur, Simplet, ... Blanche-Neige et les Sept Nains
76%
Bande-dessinée ( 9ème art ) Haddock et Milou sont ses meilleurs amis Tintin
76%
Arts médiatiques ( 8ème art ) Concours de chant européen Eurovision
71%
Arts Visuels ( 3ème art ) 😱 Le Cri
63%
Musique ( 4ème art ) Chant de révolte italien commençant par "Alla mattina appena alzata" Bella ciao
60%
Sculpture ( 2ème art ) Homme qui vous tend les bras à Rio Christ rédempteur
60%
Sculpture ( 2ème art ) Etrange créature aquatique dannoise La Petite Sirène
57%
Bande-dessinée ( 9ème art ) Divinité nordique évoluant de la monde de Marvel Thor
57%
Littérature ( 5ème art ) Livre de propagande communiste chinois Citations du Président Mao Tse-Toung
51%
Cinéma ( 7ème art ) Nolan nous fait naviguer entre rêves et réalité Inception
49%
Arts de la scène ( 6ème art ) Trajédie grecque où l'héroïne défie son oncle Créon pour enterer son frère Antigone
48%
Musique ( 4ème art ) Chanson de Britney Spears où elle s'habille en hôtesse de l'air dans le clip Toxic
48%
Arts médiatiques ( 8ème art ) Caricature jaune des américains Les Simpsons
43%
Bande-dessinée ( 9ème art ) Un livre dans lequel écrire le nom de quelqu'un revient à le tuer Death Note
42%
Sculpture ( 2ème art ) Grande dame d'Auguste Bartholdi Statue de la Liberté
41%
Architecture ( 1er art ) Campanile toscan le plus connu Tour de Pise
39%
Cinéma ( 7ème art ) Film contemplatif de Stanley Kubrick dans l'espace 2001, L'Odyssée de l'espace
37%
Jeu-vidéo ( 10ème art ) Un homme au grand chapeau qui resout des énigmes accompagné de Luke Professeur Layton
25%
Arts de la scène ( 6ème art ) Complot dans la Florence du Moyen-Âge, écrit par Alfred de Musset Lorenzaccio
22%
Littérature ( 5ème art ) Une fille au nom de plante va mener une révolution dans une dystopie Hunger Games
19%
Arts Visuels ( 3ème art ) Surplombe la chapelle du plus petit état du monde La Création d'Adam
18%
Musique ( 4ème art ) Chanson Folk américaine reprise par The Animals, Five Finger Death Punch, etc The House of the Rising Sun
16%
Arts Visuels ( 3ème art ) Le Parvati de Da Vinci Homme de Vitruve
13%
Jeu-vidéo ( 10ème art ) Un scientifique avec son pied de biche VS Des aliens qui tirent des lasers Half-Life
10%
Jeu-vidéo ( 10ème art ) L'ennemi : le cordyceps The Last of Us
7%
Arts médiatiques ( 8ème art ) L'un des shows télévisé américain les plus connus porté par une humoriste depuis 2003 The Ellen DeGeneres Show
5%
Aucun quiz correspondant
Distribution des résultats
% des personnes avec chaque résultat
Percentile par nombre de réponses
Votre historique - résultats
Vous n’avez pas pris ce quiz